000 00921nam a2200253Ia 4500
003 OSt
005 20221005113300.0
006 a|||||r|||| 00| 0
007 ta
008 221004b |||||||| |||| 00| 0 pan d
020 _a9788130201474 (hbk)
_c240
024 _a2500
037 _b696, 16/01/2013, Bright Book Service
_cTextual
040 _aCRL
_cCRL
_bpan
041 _2pan
_apan
082 _aQ8441:21:g, 153Q2
100 _aਜੱਗੀ, ਰਤਨ ਸਿੰਘ
245 0 _aਸ੍ਰੀ ਗੁਰੂ ਗ੍ਰੰਥ ਸਾਹਿਬ
_b ਸਾਧਨਾ ਦਾ ਸਰੂਪ
260 _aਪਟਿਆਲਾ
_bਪੰਜਾਬੀ ਯੂਨੀਵਰਸਿਟੀ ਭਾਰਤ
_c2012
300 _a128ਪੰ
_ccm.
650 _aਧਰਮ
942 _hQ8441:21:g, 153Q2
_cTEXL
_2cc
999 _c1027637
_d1027637